Některá využití technologie Internetu podnikatelskými subjekty v agrokomplexu

Analýza niektorých problémov spojených s informačnými systémami v agrokomplexe. Využitie nových technológií ku zvýšeniu zisku podniku. Príklady využitia technológie Internetu pre dosiahnutie úspechu podniku na agrárnom trhu.

Gespeichert in:
Bibliographische Detailangaben
1. Verfasser: Halbich, Č.
Format: Buchkapitel
Sprache:Tschechisch
Schlagworte:
Tags: Tag hinzufügen
Keine Tags, Fügen Sie das erste Tag hinzu!

MARC

LEADER 00000naa a2200000 4500
001 r028183
005 20240205131526.7
041 0 |a cze 
044 |a CZ 
245 1 0 |a Některá využití technologie Internetu podnikatelskými subjekty v agrokomplexu  |c Č. Halbich 
520 |a Analýza niektorých problémov spojených s informačnými systémami v agrokomplexe. Využitie nových technológií ku zvýšeniu zisku podniku. Príklady využitia technológie Internetu pre dosiahnutie úspechu podniku na agrárnom trhu. 
610 2 0 |a podnik poľnohospodársky 
610 2 0 |a komplex poľnohospodársko-potravinársky 
610 2 0 |a systémy informačné 
610 2 0 |a internet 
610 2 0 |a technológie informačné 
610 2 0 |a konkurencia 
610 2 0 |a marketing priamy 
610 2 0 |a pošta elektronická 
100 1 |a Halbich, Č.